Účtovníctvo pre 3. ročník obchodných akadémií. : (Pracovná časť). /
Uložené v:
| Hlavní autori: | , , |
|---|---|
| Médium: | Kniha |
| Jazyk: | Slovak |
| Vydané: |
Bratislava :
Iura Edition, spol. s r.o.,
2003
|
| Vydanie: | 3. preprac. a dopl. vyd. |
| Edícia: | Ekonómia
|
| Témy: | |
| ISBN: |
8089047661 (brož.) |
| Fyzický popis: |
118 s. + 1 príl. |
| Tagy: |
Pridať tag
Žiadne tagy, Buďte prvý kto otaguje tento záznam!
|
Titul je dostupný aj v ... 

MARC
| LEADER | 00000nam a2200000 a 4500 | ||
|---|---|---|---|
| 001 | 000090708 | ||
| 003 | SVKK | ||
| 005 | 20031128000000.0 | ||
| 008 | 031013s2003 xo e sloo | ||
| 020 | |a 8089047661 (brož.) | ||
| 040 | |a SVKKK |b slo |c SVKKK |e AACR2 | ||
| 041 | 0 | |a slo | |
| 044 | |a xo |c SK | ||
| 080 | |a 657(075.3)(076) |2 1997 | ||
| 100 | 1 | |a Šlosár, Rudolf |4 aut | |
| 245 | 1 | 0 | |a Účtovníctvo pre 3. ročník obchodných akadémií. : |b (Pracovná časť). / |c Rudolf Šlosár, Amália Spitzová, Oľga Ďuricová |
| 250 | |a 3. preprac. a dopl. vyd. | ||
| 260 | |a Bratislava : |b Iura Edition, spol. s r.o., |c 2003 | ||
| 300 | |a 118 s. + |e 1 príl. | ||
| 440 | 0 | |a Ekonómia | |
| 653 | 0 | |a účtovníctvo |2 SVKKKPH | |
| 653 | 0 | |a učebnice stredných škôl |2 SVKKKPH | |
| 653 | 0 | |a cvičenia |2 SVKKKPH | |
| 655 | 7 | |a učebnice |2 SVKKKPH | |
| 700 | 1 | |a Spitzová, Amália |4 aut | |
| 700 | 1 | |a Ďuricová, Oľga |4 aut | |
| 910 | |a svkkk | ||
| 919 | |a 80-89047-66-1 | ||
| 974 | |a UH |d 20031106 | ||
| 974 | |a KL |d 20031022 | ||
| 974 | |a TI |d 20031128 | ||
| 998 | |a BK | ||
| 090 | |g SCKHL |k Sklad Hlavná 10 prízemie |a V.210145 |j 955703 |i 2720018000 |s Absenčne | ||